000 00668nam a2200229 i 4500
001 57583
003 ES-MaACL
005 20230906163615.0
007 t|
008 031017s1949 fr af |||| |bfre d
080 _a75Renoir
100 1 _aDrucker, Michel.
_945677
245 1 0 _aRenoir /
_cpar Michel Drucker ; préface de Germain Bazin.
260 _a[Paris :
_bPierre Tisné,
_c1949] (
_fClaude Rémusat)
300 _a236 p., 174 lám. :
_bil. ;
_c26 cm.
490 1 _aProméthée
600 1 4 _aRenoir, Pierre-Auguste.
_9145174
700 1 _aBazin, Germain.
_926749
830 0 _aProméthée
_9182618
852 _aES-MaACL
_jA-168
999 _c57583
_d57583